Assďio sexual laboral, agente causador de doenȧs do trabalho Reflexos na sad︢e do trabalhador /

Bibliographic Details
Main Author: Leiria, Maria De Lourdes
Format: eBook
Language:Portuguese
Published: San Pablo: LTR, 2019
Subjects:
Online Access:Acceso restringido

MARC

LEADER 00000nam a22000007a 4500
005 20220411213516.0
007 cr|||| |||
008 220411s2019 br |||||s|||| 00||0 por d
020 |a 978-85-301-0094-0 
035 |a 36071 
040 |a vLex 
090 |c 13153  |d 13153 
100 1 |a Leiria, Maria De Lourdes 
245 1 0 |a Assďio sexual laboral, agente causador de doenȧs do trabalho  |h [Recurso electrn̤ico] :  |b Reflexos na sad︢e do trabalhador /  |c Maria De Lourdes Leiria 
256 |a Servicio en ln̕ea 
260 |a San Pablo:  |b LTR,  |c 2019 
300 |a 1 recurso electrn̤ico 
506 1 |a Disponible solo en los productos indicados  |d vLex Global  |d vLex Global (Academic Edition, excluding Law Schools)  |d vLex Global (U.S. Academic Edition, Law Schools)  |d vLex Global (U.S. Academic Edition, excluding Law Schools)  |d vLex Global (Academic Edition, Law Schools) 
650 0 4 |a Derecho Laboral y Seguridad Social  |z Brasil 
740 0 |a vLex Libros (Servicio en ln̕ea) 
856 4 0 |u https://app.vlex.com/#/sources/36071  |z Acceso restringido 
942 |c BOOK 
999 0 |a Labor law and social security